What's Next? - Statistics

General Stats
  • This quiz has been taken 961 times
  • The average score is 8 of 12
Answer Stats
Hint Answer % Correct
March, April... May
100%
Spring, Summer... Fall
96%
Rock, Paper... Scissors
95%
Mecury, Venus... Earth
92%
Hickery, Dickery... Dock
76%
Brown Belt, Red Belt... Black Belt
72%
Nina, Pinta... Santa Maria
61%
Tin Man, Scarecrow... Cowardly Lion
47%
Executive, Legislative... Judicial
46%
Leo, Virgo... Libra
40%
Lunes, Martes... Miercoles
37%
First Quarter, Waxing Gibbous... Full Moon
33%
No matching quizzes found
Score Distribution
Percent of People with Each Score
Percentile by Number Answered
Your Score History
You have not taken this quiz